000 00518nam a2200121Ia 4500
008 220615s9999||||xx |||||||||||||| ||und||
100 _aBassett, Caroline
245 0 _aAnti-computing
_bDissent and the machine
546 _aEnglish[eng]
650 _aanti-computing; dissent; media archaeology; medium theory; Hannah Arendt; automation anxiety; science fiction; digital cultures; interdisciplinary research
856 _uhttps://library.oapen.org/bitstream/20.500.12657/53144/1/9781526160720_fullhl.pdf
942 _cEB
999 _c13305
_d13305